00646nam a2200217Ia 4500003000400000005001700004008004100021020001900062040000700081041000800088082001700096100002500113245002000138260003800158300000900196650002800205700003100233942001300264999001900277952013200296OSt20250825092824.0250729s2005 xx 000 0 und d a 9788176489485 cAL aeng a373.011 SINV aSingh Yogish9222100 aValue education aNew DelhibA P H Publishingc2005 a349p aValue Education9222101 aKumar Nath Ruchika9222102 2ddccBED c235303d235303 00104070aALbALd2025-07-29eSita Book Houseg150.00l0o373.011 SINVpBED00622r2025-07-29 16:53:53v150.00w2025-07-29yBK